000 00509cam a2200145 4500500
005 20251228090741.0
041 _afre
042 _adc
100 1 0 _aBruley, Pauline
_eauthor
245 0 0 _aLe féminin dans Ève : du symbole à l’indice
260 _c2016.
500 _a39
786 0 _nBulletin de l’Amitié Charles Péguy | 154 | 2 | 2016-04-13 | p. 130-145 | 0180-8567
856 4 1 _uhttps://shs.cairn.info/revue-bulletin-de-lamitie-charles-peguy-2016-2-page-130?lang=fr&redirect-ssocas=7080
999 _c1602662
_d1602662